LEADER 01008nam a2200229 u 4500 001 000000118491 003 CaOOAMICUS 005 20091202103141.0 008 091202s1987 ja abd u000 u eng r 040 $aPUL$bita$dMCT 245 00$aTokyo. 260 $aTokyo :$bInternational Society for Educational Information,$cc1987. 300 $a91 p. :$bill., c. geogr., grafici ;$c26 cm 490 1 $aInternational Society for Educational Information ;$v51 500 $aSul front.: Understanding Japan. 651 4$aGiappone$xCiviltà.$0(OLS)http://pul/subject/20544 830 0$aInternational Society for Educational Information ;$v51.$0(OLS)http://pul/title/148595 850 $aPUL 852 $aPUL$W1$xDP1 Cons. Gen., Altre Classi 1$y22$m843 I 67$j135933$qStampati$B134921$CPULBib$Z2$F134921 $H63187 $82 941 1 $a8 996 $6245$aTokyo$9(OLS)http://pul/title/149125 996 $6260$aTokyo :$bInternational Society for Educational Information$9(OLS)http://pul/publisher/80922 LEADER 00946nam a2200241 a 4500 001 000000148344 003 CaOOAMICUS 005 20160107133808.0 008 160107s1946 nyua u000 u eng r 032 $aLibriCat 040 $aPUL$bita 100 1 $aManzo, Marcellus,$cO.F.M.Cap.$0(OLS)http://pul/name/94328 245 10$aRecalling Saint Anthony of Padua /$cby Rev. fr. Marcellus Manzo, O.F.M. CAP., Ph. D. M. A. 260 $aNew York :$b[s.n.],$c1946. 300 $ax, 55 p. :$bill. ;$c22 cm. 600 04$aAntonius de Padua,$cs.,$d1195-1231.$0(OLS)http://pul/subject/2314 850 $aPUL 852 $aPUL$W1$xDP1 Religione 1$y20$m642 H 57$j171039$qStampati$B172187$CPULBib$Z2$F172187 $81 941 1 $a8 960 $aAntonio da Padova,$cs.,$d1195-1231$92314 996 $6245$aRecalling Saint Anthony of Padua$9(OLS)http://pul/title/187155 996 $6260$aNew York :$b[s.n.]$9(OLS)http://pul/publisher/63094